| 000 | 01102nam a22002777a 4500 | ||
|---|---|---|---|
| 001 | 1091 | ||
| 005 | 20250901161837.0 | ||
| 020 | _a9789996305894 | ||
| 040 |
_aFISKH _beng _cFISKH _dFISKH |
||
| 082 | _a646.7 | ||
| 100 | _aVanthary, Oum | ||
| 245 |
_bសៀវភៅរូបភាពដំបូង : _aគ្រួសារខ្ញុំ / |
||
| 246 |
_aMy family _bFirst picture book |
||
| 250 | _a6th Printing January, 2023 | ||
| 260 |
_aPhnom Penh : _bSipar, _c2023. |
||
| 300 |
_a12 unnumbered pages : _bColor illustrations ; _c17 cm. |
||
| 505 | _aaa | ||
| 520 | _aសៀវភៅនេះនឹងជួយឲកុមារតូចស្គាល់ពាក្យហៅសមាជិកគ្រួសាររបស់ខ្លួន។ | ||
| 520 | _aCommon family member words are introduced to young children. | ||
| 521 |
_a10 _bLexile estimate |
||
| 521 |
_aaa _bRaz-Plus |
||
| 650 |
_aគ្រួសារ _vរូបភាព _xកុមារ |
||
| 650 |
_aFamily _vFirst picture book _xkids |
||
| 700 |
_aVisoth, Seng _cillustrator |
||
| 942 |
_2ddc _cBK _n0 |
||
| 999 |
_c1091 _d1091 |
||